00821nam a22002537a 45000010005000000030006000050050017000110080041000280200018000690400029000870500016001160820008001321000026001402450076001662600041002423000061002835050007003445200093003515210018004445210018004626500028004806500026005087000033005349231FISKH20251204091915.0251204b cb ||||| |||| 00| 0 eng d a9780689710513 aFISKHbengcFISKHdFISKH aPZ7.B3435 E a193 aBaylor, Byrd eAuthor aEverybody needs a rock /cby Byrd Baylor with pictures by Peter Parnall aNew York :bSimon & Schuster ,c1974 a28 unnumbered pages :bcolor illustrations ;c21 x 25 cm aK  aDescribes the qualities to consider in selecting the perfect rock for play and pleasure.8 a550 bLexile 8 aK bRaz-Plus  aJuvenilevIndividuality aPicture book vPoetry aParnall, Peter eIllustrator